000 00231nam a2200097Ia 4500
001 730091
005 20250826163708.0
008 250824s9999 xx 000 0 und d
245 0 _aGÜVEN BANA
_cJEFF ABBOTT
260 _bMARTI YAYINLARI
999 _c730091
_d730091